Catálogo
 En Linea

El pensamiento prefilosófico / (Registro nro. 34883)

Detalles MARC
000 -CABECERA
campo de control de longitud fija 01051nam a2200277 a 4500
001 - NÚMERO DE CONTROL
campo de control 000035392
005 - FECHA Y HORA DE LA ÚLTIMA TRANSACCIÓN
campo de control 20200930074316.0
008 - DATOS DE LONGITUD FIJA--INFORMACIÓN GENERAL
campo de control de longitud fija 111031s1958 mx a 000 0 spa d
040 ## - FUENTE DE LA CATALOGACIÓN
Centro catalogador/agencia de origen DO-SdBNP
Lengua de catalogación spa
Centro/agencia transcriptor BNPHU
082 ## - NÚMERO DE LA CLASIFICACIÓN DECIMAL DEWEY
Número de clasificación xxxx
Número de documento/Ítem F829p, 1958
049 ## - FONDOS LOCALES (OCLC)
Fondos de biblioteca BNGR
100 1# - ENTRADA PRINCIPAL--NOMBRE DE PERSONA
Nombre de persona Frankfort, Henri,
Fechas asociadas al nombre 1897-1954
9 (RLIN) 61213
240 14 - TÍTULO UNIFORME
Título uniforme The intellectual adventure of ancient man
Lenguaje de la obra Español
245 #3 - MENCIÓN DE TÍTULO
Título El pensamiento prefilosófico /
Mención de responsabilidad, etc. H. y H. A. Frankfort, J. A. Wilson y T. Jacobsen ; traductor Eli de Gotari.
250 ## - MENCIÓN DE EDICIÓN
Mención de edición 3a ed.
260 ## - PUBLICACIÓN, DISTRIBUCIÓN, ETC.
Lugar de publicación, distribución, etc. México :
Nombre del editor, distribuidor, etc. Fondo de Cultura Económica,
Fecha de publicación, distribución, etc. 1958.
300 ## - DESCRIPCIÓN FÍSICA
Extensión 286 p. :
Otras características físicas il. ;
Dimensiones 17 cm.
490 1# - MENCIÓN DE SERIE
Mención de serie Bravarios del fondo de cultura económica
Designación de volumen o secuencia no. 97
500 ## - NOTA GENERAL
Nota general Título original en inglés.
500 ## - NOTA GENERAL
Nota general Incluye referencias bibliográficas y notas al pie de las páginas.
505 0# - NOTA DE CONTENIDO CON FORMATO
Información miscelánea v. 1.
Título Egipto y Mesopotamia
700 12 - PUNTO DE ACCESO ADICIONAL--NOMBRE DE PERSONA
Nombre de persona Wilson, J. A.
9 (RLIN) 61214
700 12 - PUNTO DE ACCESO ADICIONAL--NOMBRE DE PERSONA
Nombre de persona Jacobsen, T.
9 (RLIN) 61215
700 12 - PUNTO DE ACCESO ADICIONAL--NOMBRE DE PERSONA
Nombre de persona Gotari, Edi de,
Término indicativo de función/relación tr.
9 (RLIN) 61216
830 #0 - PUNTO DE ACCESO ADICIONAL DE SERIE-TÍTULO UNIFORME
Título uniforme Bravarios del fondo de cultura económica
Designación de volumen o secuencia no. 97
9 (RLIN) 61217
Existencias
Estado de retiro Estado de pérdida Restricciones de uso No para préstamo Código de colección Localización permanente Ubicación/localización actual Ubicación en estantería Fecha de adquisición Número de inventario Total de préstamos Signatura topográfica completa Código de barras Fecha visto por última vez Precio válido a partir de Tipo de ítem Koha Nota pública
      Excluido de préstamo Monografías: Libros y Folletos General General En catalogación 31.10.2011 LF1   xxxx F829p, 1958 35392-10 25.06.2020 25.06.2020 No se presta Perteneció a la biblioteca personal de Juan Isidro Jimenes Grullón

Con tecnología Koha